[Event "SVM_Regionalliga_2023-24"]
[Site "?"]
[Date "2023.10.15"]
[Round "3.8"]
[White "Rinner, Stefan"]
[Black "Mursalin, MD Emamul"]
[Result "1-0"]
[WhiteElo "1696"]
[BlackElo "1159"]
[PlyCount "43"]
[EventDate "2023.10.15"]
[WhiteTeam "Eschweiler SC 1"]
[BlackTeam "Satranç Club 1"]

1. c4 e5 2. Nc3 Nc6 3. g3 Nf6 4. Bg2 Bc5 5. e3 O-O 6. Nge2 d6 7. d4 exd4 8.
exd4 Bb4 9. O-O Bg4 10. f3 Bh5 11. a3 Bxc3 12. Nxc3 h6 13. Be3 Re8 14. Qd2 Na5
15. Qd3 Bg6 16. Ne4 Kf8 17. b4 Nxc4 18. Qxc4 d5 19. Qc5+ Qe7 20. Qxe7+ Rxe7 21.
Nxf6 Rxe3 22. Nxd5 1-0

[Event "SVM_Regionalliga_2023-24"]
[Site "?"]
[Date "2023.10.15"]
[Round "3.1"]
[White "Alienkin, Aleksander"]
[Black "Mainka, Alwin"]
[Result "1-0"]
[WhiteElo "2288"]
[BlackElo "2163"]
[PlyCount "119"]
[EventDate "2023.10.15"]
[WhiteTeam "DJK Aufwärts Aachen 1"]
[BlackTeam "Arminia Eilendorf 1"]

1. d4 Nf6 2. Nf3 g6 3. Nbd2 d5 4. c4 Bg7 5. cxd5 Qxd5 6. e3 O-O 7. Bc4 Qh5 8.
O-O c5 9. dxc5 Nbd7 10. c6 bxc6 11. Nd4 Bb7 12. Qxh5 Nxh5 13. Ne6 Rfc8 14. Nxg7
Nxg7 15. b3 Ne5 16. Be2 Rd8 17. Nf3 Nxf3+ 18. Bxf3 Ba6 19. Re1 Rac8 20. Ba3 c5
21. Red1 Ne6 22. Bg4 Kf8 23. Rac1 Rd6 24. Rc2 Rxd1+ 25. Bxd1 c4 26. Be2 cxb3
27. Rxc8+ Bxc8 28. axb3 Bb7 29. Bc4 Nc7 30. Bc5 a6 31. Bb6 Nd5 32. Bd4 Nc7 33.
Be5 Nb5 34. f3 e6 35. e4 Ke7 36. Kf2 Nd6 37. Bd3 f5 38. Ke3 fxe4 39. fxe4 Nf7
40. Bc3 e5 41. g4 h6 42. Kf3 Nd6 43. Bxe5 Nf7 44. Bc3 Bc8 45. Bc4 Bb7 46. Ke3
Nd6 47. Bd3 Ke6 48. Bg7 h5 49. gxh5 gxh5 50. Kf4 Bc6 51. e5 Nb5 52. Kg5 Bf3 53.
Bc4+ Ke7 54. Bf6+ Ke8 55. e6 Nd6 56. Bxa6 Bd5 57. Be5 Ne4+ 58. Kf5 Nc5 59. Bb5+
Ke7 60. Bf6+ 1-0

[Event "SVM_Regionalliga_2023-24"]
[Site "?"]
[Date "2023.10.15"]
[Round "3.2"]
[White "Tipp, Alexander"]
[Black "Dardha, Arben"]
[Result "0-1"]
[WhiteElo "1847"]
[BlackElo "2304"]
[PlyCount "68"]
[EventDate "2023.10.15"]
[WhiteTeam "Arminia Eilendorf 1"]
[BlackTeam "DJK Aufwärts Aachen 1"]

1. e4 c5 2. Nf3 Nc6 3. Bb5 g6 4. O-O Bg7 5. Nc3 e5 6. d3 Nge7 7. Be3 Nd4 8. Bc4
O-O 9. a4 d6 10. h3 Be6 11. Bg5 f6 12. Bxe6+ Nxe6 13. Be3 d5 14. exd5 Nxd5 15.
Nxd5 Qxd5 16. Qe2 Rac8 17. c3 Rcd8 18. Rad1 Qb3 19. Ra1 Rd7 20. Rfd1 Rfd8 21.
Rd2 Qd5 22. Rad1 Qc6 23. Ra1 Qa6 24. Ne1 f5 25. f3 Bf6 26. Qd1 c4 27. d4 exd4
28. cxd4 Bxd4 29. Bxd4 Rxd4 30. Rxd4 Nxd4 31. Nc2 Qb6 32. Kh1 Nb3 33. Qe2 Nxa1
34. Qxc4+ Kg7 0-1

[Event "SVM_Regionalliga_2023-24"]
[Site "?"]
[Date "2023.10.15"]
[Round "3.3"]
[White "Cnossen, Wiebe"]
[Black "Alms, Frithjof"]
[Result "1-0"]
[WhiteElo "2134"]
[BlackElo "1811"]
[PlyCount "121"]
[EventDate "2023.10.15"]
[WhiteTeam "DJK Aufwärts Aachen 1"]
[BlackTeam "Arminia Eilendorf 1"]

1. c4 c6 2. Nf3 d5 3. e3 Nf6 4. d4 Bg4 5. Nbd2 e6 6. h3 Bh5 7. Bd3 Nbd7 8. O-O
Be7 9. Qc2 Qc7 10. a3 O-O 11. b4 Rfc8 12. Bb2 Bg6 13. e4 Nxe4 14. Nxe4 Bxe4 15.
Bxe4 dxe4 16. Qxe4 Nf6 17. Qe2 Rd8 18. Bc3 a6 19. Ne5 Rac8 20. f4 b6 21. f5
exf5 22. Rxf5 Re8 23. Raf1 Qd6 24. Ng4 Nxg4 25. Qxg4 Qg6 26. Rxf7 Qxg4 27. hxg4
Bf6 28. Ra7 Re3 29. Ba1 Rxa3 30. g5 Rxa1 31. gxf6 Rxf1+ 32. Kxf1 gxf6 33. Rxa6
Rb8 34. Ke2 Kf7 35. Ra7+ Ke6 36. Rxh7 b5 37. Kd3 bxc4+ 38. Kxc4 Rb5 39. Rg7 Rf5
40. Rg8 Rb5 41. Re8+ Kd7 42. Rg8 Ke6 43. Rd8 Ke7 44. Ra8 Rg5 45. Ra2 Kd6 46.
Re2 Rb5 47. Rf2 Ke6 48. g4 Rg5 49. Rf4 Ke7 50. Rf5 Rxg4 51. Kc5 Re4 52. Kxc6
Rxd4 53. b5 Rc4+ 54. Kb7 Ke6 55. Rf1 f5 56. b6 f4 57. Ka8 Ra4+ 58. Kb8 Kd6 59.
b7 Rc4 60. Rb1 Kc6 61. Kc8 1-0

[Event "SVM_Regionalliga_2023-24"]
[Site "?"]
[Date "2023.10.15"]
[Round "3.4"]
[White "Mainka, Ingmar"]
[Black "Deider, Kevin"]
[Result "0-1"]
[WhiteElo "1850"]
[BlackElo "1970"]
[PlyCount "108"]
[EventDate "2023.10.15"]
[WhiteTeam "Arminia Eilendorf 1"]
[BlackTeam "DJK Aufwärts Aachen 1"]

1. e3 g6 2. Nc3 d5 3. b3 e5 4. Bb2 Bg7 5. h4 h6 6. Qf3 Ne7 7. Be2 c5 8. g4 Nbc6
9. Bb5 Be6 10. Nge2 a6 11. Bxc6+ Nxc6 12. a3 d4 13. Ne4 Qe7 14. h5 f5 15. gxf5
gxf5 16. N4g3 dxe3 17. Nxf5 exd2+ 18. Kxd2 Qd7+ 19. Ke1 Bxf5 20. Rd1 Nd4 21.
Bxd4 cxd4 22. Rg1 Bxc2 23. Rd2 Bh7 24. Ng3 Rf8 25. Qe2 Rc8 26. Ne4 Rc1+ 27. Rd1
Rxd1+ 28. Kxd1 Bh8 29. Qc2 Bxe4 30. Qxe4 Qf5 31. Qd5 Qf3+ 32. Qxf3 Rxf3 33. Ke2
Rf8 34. Rg6 Kf7 35. Rxh6 e4 36. Rh7+ Ke6 37. Rxb7 d3+ 38. Ke3 Rd8 39. Rb6+ Rd6
40. Rxd6+ Kxd6 41. h6 Bd4+ 42. Kd2 Bxf2 43. b4 Bd4 44. a4 Kd5 45. b5 axb5 46.
a5 Kc6 47. h7 Kb7 48. Kd1 Ka6 49. Kd2 Kxa5 50. Kd1 b4 51. Kd2 b3 52. h8=Q Bxh8
53. Ke3 b2 54. Kd2 Bd4 0-1

[Event "SVM_Regionalliga_2023-24"]
[Site "?"]
[Date "2023.10.15"]
[Round "3.5"]
[White "Klinkhammer, Matthias"]
[Black "Kühnert, Sven"]
[Result "1/2-1/2"]
[WhiteElo "1893"]
[BlackElo "1799"]
[PlyCount "35"]
[EventDate "2023.10.15"]
[WhiteTeam "DJK Aufwärts Aachen 1"]
[BlackTeam "Arminia Eilendorf 1"]

1. Nf3 d5 2. g3 c5 3. Bg2 Nf6 4. O-O e6 5. c4 d4 6. d3 Bd6 7. e3 Nc6 8. Na3 a6
9. Nc2 dxe3 10. Bxe3 O-O 11. d4 cxd4 12. Nfxd4 Nxd4 13. Bxd4 e5 14. Bc3 Qc7 15.
Ne3 Rb8 16. Rc1 Re8 17. b4 b6 18. a3 {(=)} 1/2-1/2

[Event "SVM_Regionalliga_2023-24"]
[Site "?"]
[Date "2023.10.15"]
[Round "3.6"]
[White "Mainka, Irmin"]
[Black "Hennicken, Reinhard"]
[Result "0-1"]
[WhiteElo "1798"]
[BlackElo "1952"]
[PlyCount "78"]
[EventDate "2023.10.15"]
[WhiteTeam "Arminia Eilendorf 1"]
[BlackTeam "DJK Aufwärts Aachen 1"]

1. e4 e5 2. Nf3 Nc6 3. Bb5 a6 4. Ba4 Nf6 5. O-O Be7 6. Re1 b5 7. Bb3 O-O 8. c3
d5 9. exd5 Nxd5 10. Nxe5 Nxe5 11. Rxe5 c6 12. d4 Bd6 13. Re1 Qh4 14. g3 Qh3 15.
Qf3 Bg4 16. Qg2 Qh5 17. Nd2 Rae8 18. Rxe8 Rxe8 19. f3 Re1+ 20. Kf2 Bh3 21. Qxh3
Qxh3 22. Kxe1 Qxh2 23. Ne4 Bxg3+ 24. Nxg3 Qxg3+ 25. Ke2 Qg2+ 26. Kd3 Qxf3+ 27.
Kc2 h5 28. a4 b4 29. Bxd5 Qxd5 30. cxb4 Qc4+ 31. Kb1 Qd3+ 32. Ka2 Qxd4 33. b3
h4 34. Bb2 Qf2 35. Ka3 f6 36. Ra2 h3 37. Be5 Qxa2+ 38. Kxa2 fxe5 39. b5 cxb5
0-1

[Event "SVM_Regionalliga_2023-24"]
[Site "?"]
[Date "2023.10.15"]
[Round "3.7"]
[White "Mossakowski, Gustaf"]
[Black "Nguyen, Tuan-Anh"]
[Result "1-0"]
[WhiteElo "1781"]
[BlackElo "1763"]
[PlyCount "129"]
[EventDate "2023.10.15"]
[WhiteTeam "DJK Aufwärts Aachen 1"]
[BlackTeam "Arminia Eilendorf 1"]

1. e4 c5 2. Nf3 Nc6 3. Bc4 d6 4. O-O Nf6 5. Re1 Bg4 6. c3 e6 7. h3 Bh5 8. d3
Be7 9. Bf4 O-O 10. Nbd2 Qb6 11. Qc2 Rfd8 12. a3 Rac8 13. Ba2 Rd7 14. g4 Bg6 15.
Nh4 Qd8 16. Rad1 b5 17. Nxg6 hxg6 18. Nf3 Nh7 19. Qe2 Ng5 20. Kg2 Nxf3 21. Qxf3
Bg5 22. Bg3 Qf6 {(=)} 23. Qe2 a6 24. Rf1 Bf4 25. h4 g5 26. Rh1 gxh4 27. Rxh4 g5
28. Rh5 Kf8 29. Rdh1 Ke7 30. Rh6 Qe5 31. Rh7 Kd8 32. R1h6 Kc7 33. Bh2 Rf8 34.
Bg1 d5 35. f3 dxe4 36. fxe4 Rfd8 37. Bb1 f5 38. gxf5 exf5 39. d4 cxd4 40. cxd4
Nxd4 41. Bxd4 Qxd4 42. exf5 Rxh7 43. Rxh7+ Kb8 44. Re7 Qc5 45. Bd3 Qd6 46. Qe4
Qd5 47. f6 Qxe4+ 48. Bxe4 Bd6 49. Rg7 Rf8 50. f7 Kc7 51. Bd5 Be7 52. Kf3 Kd6
53. Ke4 Bf6 54. Rg8 Ke7 55. b3 Bb2 56. a4 Bc1 57. axb5 axb5 58. Kd3 b4 59. Rg6
Bf4 60. Kc4 Bd2 61. Re6+ Kd7 62. Re2 Rc8+ 63. Kd3 Kd6 64. Kxd2 Kxd5 65. Re8 1-0

[Event "SVM_Regionalliga_2023-24"]
[Site "?"]
[Date "2023.10.15"]
[Round "3.8"]
[White "Korr, Christopher"]
[Black "Bräuer, Karl-Heinz"]
[Result "1-0"]
[WhiteElo "1699"]
[BlackElo "1827"]
[PlyCount "93"]
[EventDate "2023.10.15"]
[WhiteTeam "Arminia Eilendorf 1"]
[BlackTeam "DJK Aufwärts Aachen 1"]

1. d4 Nf6 2. Nf3 d5 3. c3 g6 4. Bf4 Bg7 5. h3 O-O 6. e3 Nbd7 7. Nbd2 c5 8. Rc1
b6 9. Be2 Bb7 10. O-O Re8 11. Re1 Rc8 12. Ne5 Nxe5 13. Bxe5 Nd7 14. Bxg7 Kxg7
15. b4 e5 16. bxc5 bxc5 17. Bb5 a6 18. Ba4 Re7 19. Rb1 Bc6 20. Bxc6 Rxc6 21.
Qa4 Qc7 22. Qb3 c4 23. Qa3 Rce6 24. Nf3 e4 25. Ng5 Rd6 26. h4 Nf8 27. Rb4 Ne6
28. Reb1 Nxg5 29. hxg5 Red7 30. Rb8 Rd8 31. R8b7 Qc8 32. Qa5 Qg4 33. R7b6 Qxg5
34. Qxa6 Qf6 35. a4 h5 36. a5 h4 37. Rxd6 Qxd6 38. Qxd6 Rxd6 39. Rb6 Rd8 40. a6
Ra8 41. Kh2 Kf8 42. Kh3 Ke7 43. Rb7+ Ke6 44. a7 f5 45. Kxh4 Kf6 46. Rb6+ Ke7
47. Rxg6 1-0

[Event "SVM_Regionalliga_2023-24"]
[Site "?"]
[Date "2023.10.15"]
[Round "3.1"]
[White "Riemland, Arnold"]
[Black "Vandenbergen, Nicolas"]
[Result "1-0"]
[WhiteElo "2180"]
[BlackElo "2133"]
[PlyCount "89"]
[EventDate "2023.10.15"]
[WhiteTeam "SG Kalker/Deutzer 1"]
[BlackTeam "Turm Euskirchen 1"]

1. d4 d5 2. Bf4 Nc6 3. e3 Bf5 4. Bd3 Qd7 5. Nf3 Bxd3 6. Qxd3 e6 7. O-O Bd6 8.
a3 Nge7 9. Nc3 Ng6 10. Bxd6 cxd6 11. e4 dxe4 12. Nxe4 Qc7 13. d5 Nf4 14. Qd2
Nxd5 15. c4 Nf6 16. Nxd6+ Ke7 17. Nb5 Qb8 18. Qg5 b6 19. Qxg7 Qf4 20. Qg3 Qxg3
21. hxg3 Na5 22. Rac1 Rhc8 23. Nd2 Nc6 24. Nf3 Na5 25. Ne5 Nd7 26. Nxd7 Kxd7
27. Rfd1+ Ke7 28. Rc3 Rxc4 29. Rcd3 Nc6 30. Rd7+ Kf6 31. Rxf7+ Kxf7 32. Nd6+
Ke7 33. Nxc4 Rc8 34. f4 Kf6 35. Nd6 Rg8 36. Kf2 Ne7 37. Kf3 Nd5 38. g4 Rf8 39.
g3 h6 40. Ne4+ Kg6 41. Rc1 Kf7 42. Nd6+ Kf6 43. Rh1 Kg6 44. Rh5 Rd8 45. Rxh6+
1-0

[Event "SVM_Regionalliga_2023-24"]
[Site "?"]
[Date "2023.10.15"]
[Round "3.2"]
[White "Brinkmann, Sven"]
[Black "Lunnebach, Oliver"]
[Result "1/2-1/2"]
[WhiteElo "1998"]
[BlackElo "2149"]
[PlyCount "94"]
[EventDate "2023.10.15"]
[WhiteTeam "Turm Euskirchen 1"]
[BlackTeam "SG Kalker/Deutzer 1"]

1. e4 c5 2. Nc3 Nc6 3. g3 g6 4. Bg2 Bg7 5. d3 e6 6. Be3 Nd4 7. Qd2 Ne7 8. Nd1
e5 9. c3 Ne6 10. Ne2 d5 11. Bh6 dxe4 12. Bxg7 Nxg7 13. dxe4 Be6 14. Ne3 O-O 15.
Nd5 Bxd5 16. exd5 Nef5 17. O-O Nd6 18. b3 Rc8 19. c4 Rc7 20. h4 Re8 21. Bh3 f5
22. Nc3 Rce7 23. Rae1 Nh5 24. a4 a6 25. Kh2 Kg7 26. Re2 Nf6 27. Rfe1 Qb6 28.
Qc2 Qc7 29. Qc1 Nf7 30. Kg1 e4 31. Rd1 e3 32. f4 Nh5 33. d6 Nxd6 34. Nd5 Qc6
35. Nxe7 Rxe7 36. Rxe3 Ne4 37. Bg2 Nhf6 38. Bxe4 Nxe4 39. Qb2+ Kh6 40. Rd5 b5
41. axb5 axb5 42. h5 bxc4 43. bxc4 Rb7 44. Qa2 Qf6 45. Re5 Qd6 46. Rd5 Qf6 47.
Re5 Qd6 1/2-1/2

[Event "SVM_Regionalliga_2023-24"]
[Site "?"]
[Date "2023.10.15"]
[Round "3.3"]
[White "Gerdau, Andreas"]
[Black "Neubauer, Jürgen"]
[Result "1-0"]
[WhiteElo "1896"]
[BlackElo "1938"]
[PlyCount "111"]
[EventDate "2023.10.15"]
[WhiteTeam "SG Kalker/Deutzer 1"]
[BlackTeam "Turm Euskirchen 1"]

1. e4 c5 2. c3 d5 3. exd5 Qxd5 4. d4 Nc6 5. Nf3 Bg4 6. Be2 e6 7. O-O Nf6 8. Na3
cxd4 9. Nb5 Rc8 10. Nbxd4 Bc5 11. h3 Bh5 12. Be3 O-O 13. Nxc6 Qxc6 14. Nd4 Bxd4
15. Bxd4 Bxe2 16. Qxe2 Nd5 17. Rfe1 b6 18. Qe5 Nf6 19. Qg5 Ne8 20. Qg4 Rc7 21.
Rad1 Re7 22. b3 f6 23. c4 Nc7 24. Bc3 Rd7 25. Rxd7 Qxd7 26. Rd1 Qe7 27. Qd4 e5
28. Qd2 Re8 29. Bb4 Qe6 30. Qd7 Qxd7 31. Rxd7 Rc8 32. Bd6 Ne8 33. Ba3 a5 34.
Kf1 Nc7 35. Bc1 Na8 36. Be3 Rb8 37. a3 h6 38. Ke2 Kh7 39. Kd3 f5 40. f3 Kg6 41.
b4 axb4 42. axb4 Kf6 43. c5 bxc5 44. Bxc5 Rc8 45. Rd6+ Kg5 46. Kc4 Kf4 47. b5
e4 48. fxe4 fxe4 49. b6 Nxb6+ 50. Rxb6 g5 51. Kd4 Kg3 52. Rb2 Re8 53. Bd6+ Kh4
54. Ke3 Re6 55. Rb6 Kh5 56. g4+ 1-0

[Event "SVM_Regionalliga_2023-24"]
[Site "?"]
[Date "2023.10.15"]
[Round "3.4"]
[White "Viganske, Christian"]
[Black "Schwark, Mario"]
[Result "1-0"]
[WhiteElo "2036"]
[BlackElo "1846"]
[PlyCount "71"]
[EventDate "2023.10.15"]
[WhiteTeam "Turm Euskirchen 1"]
[BlackTeam "SG Kalker/Deutzer 1"]

1. e4 e6 2. d4 d5 3. e5 c5 4. c3 Nc6 5. Nf3 Qb6 6. Bd3 Bd7 7. O-O g6 8. dxc5
Bxc5 9. b4 Bf8 10. Be3 Qc7 11. Re1 Bg7 12. Bf4 Nge7 13. Na3 a6 14. Qd2 O-O 15.
Bh6 b5 16. Bxg7 Kxg7 17. Nc2 f5 18. exf6+ Rxf6 19. Ne3 e5 20. Bc2 e4 21. Nd4
Ne5 22. Nb3 Bc6 23. Nc5 a5 24. a4 axb4 25. cxb4 bxa4 26. Qc3 Qd6 27. Red1 Qb8
28. Bxa4 Bxa4 29. Rxa4 Rxa4 30. Nxa4 Qb5 31. Qxe5 Qxa4 32. Qxe7+ Rf7 33. Qe5+
Kf8 34. Qxd5 Qxb4 35. Qd8+ Kg7 36. Qd4+ 1-0

[Event "SVM_Regionalliga_2023-24"]
[Site "?"]
[Date "2023.10.15"]
[Round "3.5"]
[White "Arlt, Klaus"]
[Black "Hack, Thomas"]
[Result "0-1"]
[WhiteElo "1917"]
[BlackElo "1925"]
[PlyCount "130"]
[EventDate "2023.10.15"]
[WhiteTeam "SG Kalker/Deutzer 1"]
[BlackTeam "Turm Euskirchen 1"]

1. d4 Nf6 2. Nf3 d5 3. c4 e6 4. e3 c6 5. a3 Nbd7 6. Nc3 Bd6 7. Bd3 O-O 8. O-O
Qe7 9. e4 dxe4 10. Nxe4 Nxe4 11. Bxe4 h6 12. Bc2 Nf6 13. Re1 Rd8 14. Qe2 b6 15.
b4 Bb7 16. c5 Bc7 17. Bb2 a5 18. Ne5 Bxe5 19. Qxe5 Rd5 20. Qf4 Qd8 21. h4 Rh5
22. Qg3 Ba6 23. Re5 Rxe5 24. Qxe5 Bc4 25. cxb6 Qxb6 26. Bc3 axb4 27. Bxb4 Qa6
28. Bd2 Bd3 29. Bd1 Qb5 30. Bb4 Nd5 31. Rc1 Nxb4 32. Qxb5 cxb5 33. axb4 Rd8 34.
Bf3 Rxd4 35. Rd1 e5 36. Bc6 f6 37. f3 Bc4 38. Rxd4 exd4 39. Kf2 Kf7 40. f4 Ke6
41. g3 Kd6 42. Be8 Bd3 43. Ke1 g5 44. Kd2 Bc4 45. Bg6 gxf4 46. gxf4 Kd5 47. Bf5
Bf1 48. Ke1 Bc4 49. Kd2 Bf1 50. Ke1 Bg2 51. Bd3 Kc6 52. Kd2 Bd5 53. Bg6 Bc4 54.
Be4+ Kd7 55. Bf5+ Kd6 56. Be4 Ke6 57. Bg6 f5 58. Bh5 Kd5 59. Bf3+ Kd6 60. Bh5
Bf1 61. Bg6 Ke6 62. Ke1 Bh3 63. Kd2 Kd5 64. Kd3 Bf1+ 65. Kd2 Ke4 0-1

[Event "SVM_Regionalliga_2023-24"]
[Site "?"]
[Date "2023.10.15"]
[Round "3.6"]
[White "Reckers, Sebastian"]
[Black "Asselborn, Jürgen"]
[Result "1-0"]
[WhiteElo "1878"]
[BlackElo "1859"]
[PlyCount "41"]
[EventDate "2023.10.15"]
[WhiteTeam "Turm Euskirchen 1"]
[BlackTeam "SG Kalker/Deutzer 1"]

1. e4 d5 2. exd5 Nf6 3. d4 Bg4 4. Nf3 Qxd5 5. Be2 Nc6 6. Be3 O-O-O 7. O-O Qd7
8. Nc3 Bxf3 9. Bxf3 Nxd4 10. Bxd4 Qxd4 11. Qe2 Qb6 12. a4 c6 13. a5 Qc7 14. b4
a6 15. b5 cxb5 16. Nxb5 Qc5 17. c4 e5 18. Nc3 Bd6 19. Rfb1 Rd7 20. Na4 Qc7 21.
c5 1-0

[Event "SVM_Regionalliga_2023-24"]
[Site "?"]
[Date "2023.10.15"]
[Round "3.7"]
[White "Bill, Oliver"]
[Black "Alnafkhosh, Nashaat"]
[Result "0-1"]
[WhiteElo "1688"]
[BlackElo "1791"]
[PlyCount "82"]
[EventDate "2023.10.15"]
[WhiteTeam "SG Kalker/Deutzer 1"]
[BlackTeam "Turm Euskirchen 1"]

1. e4 c5 2. d4 cxd4 3. c3 dxc3 4. Nxc3 Nc6 5. Nf3 e6 6. Bc4 a6 7. O-O Nf6 8. h3
d6 9. Qe2 Be7 10. Be3 Bd7 11. Rfd1 O-O 12. Rac1 Qb8 13. a3 Ne5 14. Ba2 Nxf3+
15. Qxf3 Bc6 16. Bb1 Nd7 17. Qg3 Ne5 18. Bd4 Ng6 19. Bb6 a5 20. f4 Bh4 21. Qg4
f5 22. exf5 exf5 23. Bxf5 Bd8 24. Bxd8 Qxd8 25. Bxg6 Qb6+ 26. Kh2 hxg6 27. Rxd6
Qxb2 28. Rxg6 Rf7 29. Ne2 Re8 30. Re6 Rxe6 31. Qxe6 Qxa3 32. Rd1 Qe7 33. Qa2
Kh7 34. Rd4 Rf6 35. Ng3 Qe3 36. Rd8 Qxf4 37. Qxa5 Qh4 38. Qh5+ Qxh5 39. Nxh5
Rf2 40. Kg3 Rxg2+ 41. Kh4 g5# 0-1

[Event "SVM_Regionalliga_2023-24"]
[Site "?"]
[Date "2023.10.15"]
[Round "3.8"]
[White "Bernhardt, Thomas"]
[Black "Ostenda, Eric"]
[Result "1-0"]
[WhiteElo "1735"]
[BlackElo "1936"]
[PlyCount "78"]
[EventDate "2023.10.15"]
[WhiteTeam "Turm Euskirchen 1"]
[BlackTeam "SG Kalker/Deutzer 1"]

1. d4 Nf6 2. Nf3 g6 3. c4 d5 4. Nc3 Bg7 5. Bf4 O-O 6. e3 c5 7. Rc1 cxd4 8. exd4
Bg4 9. a3 Nc6 10. Be2 e6 11. c5 Ne4 12. O-O Bxf3 13. Bxf3 Bxd4 14. Bxe4 dxe4
15. Bd6 Re8 16. Qe2 Bxc3 17. Rxc3 f5 18. b4 Qf6 19. Rfc1 a6 20. Qe3 Rad8 21.
Rb3 e5 22. b5 Nd4 23. bxa6 bxa6 24. Rb6 Qf7 25. Rxa6 Qd5 26. g3 Rd7 27. Rb1 Qc4
28. Rab6 f4 29. gxf4 exf4 30. Qh3 Rdd8 31. Rb7 h5 32. Qg2 Qe6 33. R1b6 Nf3+ 34.
Kh1 Nh4 35. Qg5 Qh3 36. Rg7+ Kxg7 37. Be5+ Kg8 38. Rxg6+ Nxg6 39. Qxg6+ Kf8 1-0

[Event "SVM_Regionalliga_2023-24"]
[Site "?"]
[Date "2023.10.15"]
[Round "3.1"]
[White "Bosbach, Stefan"]
[Black "Schulte-Lentz, Christian"]
[Result "1/2-1/2"]
[WhiteElo "2010"]
[BlackElo "2043"]
[PlyCount "57"]
[EventDate "2023.10.15"]
[WhiteTeam "Bergische SF 1"]
[BlackTeam "Langenfelder SF 2"]

1. Nf3 d5 2. g3 c5 3. Bg2 Nc6 4. O-O Nf6 5. d3 e6 6. Nbd2 Be7 7. e4 O-O 8. Re1
Qc7 9. Qe2 b5 10. e5 Nd7 11. Nf1 a5 12. Bf4 Ba6 13. h4 b4 14. N1h2 a4 15. Ng4
c4 16. Rac1 b3 17. a3 Nc5 18. dxc4 Bxc4 19. Qd2 Ne4 20. Qd1 bxc2 21. Qxc2 Qb6
22. Be3 Qb5 23. Nd4 Nxd4 24. Bxd4 Bd3 25. Qc7 Bd8 26. Qc6 Rb8 27. Qxb5 Rxb5 28.
Re3 Rb3 29. Bf1 1/2-1/2

[Event "SVM_Regionalliga_2023-24"]
[Site "?"]
[Date "2023.10.15"]
[Round "3.2"]
[White "Weisshaupt, Rainer"]
[Black "Gelsok, Philipp"]
[Result "1/2-1/2"]
[WhiteElo "1943"]
[BlackElo "2017"]
[PlyCount "61"]
[EventDate "2023.10.15"]
[WhiteTeam "Langenfelder SF 2"]
[BlackTeam "Bergische SF 1"]

1. e4 e5 2. Nf3 Nc6 3. Bc4 Bc5 4. d3 Nf6 5. O-O O-O 6. c3 d5 7. exd5 Nxd5 8. a4
Bf5 9. b4 Be7 10. Re1 Bf6 11. Ra3 Nb6 12. Bb5 e4 13. Bxc6 bxc6 14. dxe4 Qxd1
15. Rxd1 Bxe4 16. Nbd2 Bc2 17. Re1 Bxa4 18. Ne4 a5 19. Nxf6+ gxf6 20. bxa5 Rxa5
21. Re4 Rd5 22. Bd2 Bd1 23. Bh6 Bc2 24. Rd4 Rfd8 25. h3 f5 26. Ra7 c5 27. Rxd5
Nxd5 28. c4 Nb6 29. Rxc7 Rc8 30. Rxc8+ Nxc8 31. Be3 1/2-1/2

[Event "SVM_Regionalliga_2023-24"]
[Site "?"]
[Date "2023.10.15"]
[Round "3.3"]
[White "Harringer, Manfred"]
[Black "Göde, Johannes Paul"]
[Result "1-0"]
[WhiteElo "1995"]
[BlackElo "1684"]
[PlyCount "49"]
[EventDate "2023.10.15"]
[WhiteTeam "Bergische SF 1"]
[BlackTeam "Langenfelder SF 2"]

1. e4 c5 2. Nf3 Nc6 3. Bb5 Na5 4. c3 a6 5. Ba4 b5 6. Bc2 e6 7. O-O Nf6 8. d4
cxd4 9. Nxd4 e5 10. Nf5 d6 11. a4 Bxf5 12. exf5 Rb8 13. axb5 axb5 14. Qe2 Nc6
15. Na3 Qb6 16. Be3 Qb7 17. Nxb5 Qxb5 18. Qxb5 Rxb5 19. Ba4 Rxb2 20. Bxc6+ Kd8
21. Ra7 Ng4 22. Rxf7 Nxe3 23. Ra1 Rb8 24. fxe3 Be7 25. Ra7 1-0

[Event "SVM_Regionalliga_2023-24"]
[Site "?"]
[Date "2023.10.15"]
[Round "3.4"]
[White "Unshelm, Jan Erik"]
[Black "Weiser, Hans-Josef"]
[Result "1/2-1/2"]
[WhiteElo "1378"]
[BlackElo "1976"]
[PlyCount "30"]
[EventDate "2023.10.15"]
[WhiteTeam "Langenfelder SF 2"]
[BlackTeam "Bergische SF 1"]

1. e4 c5 2. Nf3 d6 3. d4 cxd4 4. Nxd4 Nf6 5. Nc3 a6 6. Be2 e5 7. Nb3 Be7 8. O-O
Be6 9. Be3 Nbd7 10. a4 O-O 11. a5 Rc8 12. f3 Nc5 13. Nxc5 dxc5 14. Qxd8 Rfxd8
15. Na4 Nd7 1/2-1/2

[Event "SVM_Regionalliga_2023-24"]
[Site "?"]
[Date "2023.10.15"]
[Round "3.5"]
[White "Heckötter, Christian"]
[Black "Schaffeld, Martin"]
[Result "1/2-1/2"]
[WhiteElo "1967"]
[BlackElo "1554"]
[PlyCount "54"]
[EventDate "2023.10.15"]
[WhiteTeam "Bergische SF 1"]
[BlackTeam "Langenfelder SF 2"]

1. d4 d5 2. Nf3 c5 3. e3 Nf6 4. dxc5 Qa5+ 5. Nbd2 e6 6. Be2 Bxc5 7. O-O Qc7 8.
c4 O-O 9. a3 dxc4 10. Bxc4 Nc6 11. b4 Bd6 12. Bb2 Ne5 13. Be2 Rd8 14. Rc1 Nxf3+
15. Nxf3 Qe7 16. Qc2 Bd7 17. Ne5 Rac8 18. Qb3 Bxe5 19. Bxe5 Bc6 20. Qb2 a6 21.
Rfd1 Ne8 22. Bd4 Qg5 23. Bf1 Nf6 24. Bxf6 Qxf6 25. Qxf6 gxf6 26. h3 Rxd1 27.
Rxd1 Bd5 1/2-1/2

[Event "SVM_Regionalliga_2023-24"]
[Site "?"]
[Date "2023.10.15"]
[Round "3.8"]
[White "Ipekyilmaz, Tayfun"]
[Black "Müller, Andreas"]
[Result "1/2-1/2"]
[WhiteElo "1674"]
[BlackElo "1775"]
[PlyCount "30"]
[EventDate "2023.10.15"]
[WhiteTeam "Langenfelder SF 2"]
[BlackTeam "Bergische SF 1"]

1. e4 c5 2. c4 Nc6 3. Nf3 e6 4. d4 cxd4 5. Nxd4 Nf6 6. Nxc6 bxc6 7. Bd3 d5 8.
exd5 cxd5 9. O-O Be7 10. Nc3 O-O 11. cxd5 Nxd5 12. Nxd5 Qxd5 13. Be2 Bb7 14.
Qxd5 Bxd5 15. Bd2 Bf6 1/2-1/2

[Event "SVM_Regionalliga_2023-24"]
[Site "?"]
[Date "2023.10.15"]
[Round "3.1"]
[White "Klemenz, Luca"]
[Black "Meirick, Ingo"]
[Result "1/2-1/2"]
[WhiteElo "2061"]
[BlackElo "2181"]
[PlyCount "70"]
[EventDate "2023.10.15"]
[WhiteTeam "Klub Kölner SF 3"]
[BlackTeam "SV Herzogenrath 1"]

1. e4 c6 2. d4 d5 3. exd5 cxd5 4. Bd3 Nc6 5. c3 Nf6 6. h3 e5 7. dxe5 Nxe5 8.
Nf3 Nxd3+ 9. Qxd3 Be7 10. O-O O-O 11. Be3 Be6 12. Nd4 Re8 13. Nxe6 fxe6 14. c4
Rc8 15. cxd5 Qxd5 16. Qe2 Qe5 17. Nc3 Nd5 18. Nxd5 exd5 19. Qg4 Bf6 20. Rfd1
Rc4 21. Qf3 d4 22. Bf4 Qe4 23. Qb3 Qc6 24. Re1 Rxe1+ 25. Rxe1 b5 26. Rc1 {(=)}
h6 27. Rd1 a6 28. Qg3 Kf7 29. Qd3 Qe6 30. Kf1 Rc5 31. b3 Qf5 32. Qxf5 Rxf5 33.
Bd2 Bh4 34. Be1 Rd5 35. Ke2 Bf6 {(=)} 1/2-1/2

[Event "SVM_Regionalliga_2023-24"]
[Site "?"]
[Date "2023.10.15"]
[Round "3.2"]
[White "Zappel, Marius"]
[Black "Meyer, Emil"]
[Result "0-1"]
[WhiteElo "2055"]
[BlackElo "2022"]
[PlyCount "80"]
[EventDate "2023.10.15"]
[WhiteTeam "SV Herzogenrath 1"]
[BlackTeam "Klub Kölner SF 3"]

1. d4 d5 2. Nf3 Nf6 3. c4 dxc4 4. Nc3 a6 5. a4 Nc6 6. e4 Na5 7. Ne5 e6 8. Nxc4
Bb4 9. Bg5 h6 10. Bxf6 Qxf6 11. Ne3 c5 12. e5 Qf4 13. Nc2 cxd4 14. Nxb4 dxc3
15. Qd6 Qe4+ 16. Be2 Nc4 17. Qc7 cxb2 18. Rd1 O-O 19. O-O Qxe2 20. Rfe1 Qg4 21.
h3 Qh4 22. g3 b1=Q 23. Rxb1 Qd4 24. Red1 Nd2 25. Qc2 Nf3+ 26. Kg2 Qxe5 27. Kxf3
b5 28. Kg2 Bb7+ 29. Kh2 Be4 30. Qe2 Qf5 31. Rb3 a5 32. Rd4 bxa4 33. Rxe4 axb3
34. Nc6 Qc5 35. Rc4 Qa3 36. Rg4 Qa1 37. Nd4 b2 38. Qe5 f6 39. Qxe6+ Kh8 40. Qd7
Rg8 0-1

[Event "SVM_Regionalliga_2023-24"]
[Site "?"]
[Date "2023.10.15"]
[Round "3.3"]
[White "Theisen, Johannes"]
[Black "Horbach, Fabian"]
[Result "1-0"]
[WhiteElo "1812"]
[BlackElo "1956"]
[PlyCount "39"]
[EventDate "2023.10.15"]
[WhiteTeam "Klub Kölner SF 3"]
[BlackTeam "SV Herzogenrath 1"]

1. e4 c5 2. Nf3 e6 3. g3 a6 4. Bg2 b5 5. O-O Bb7 6. d3 Nf6 7. Bg5 d6 8. Nbd2
Be7 9. c3 O-O 10. Qe2 Nbd7 11. Rfd1 h6 12. Bxf6 Nxf6 13. d4 cxd4 14. Nxd4 Rc8
15. a4 b4 16. e5 Nd5 17. c4 dxe5 18. N4b3 Nc3 19. bxc3 bxc3 20. Bxb7 1-0